KERALA DISTRICTS - Statistics

General Stats
  • This quiz has been taken 121 times
  • The average score is 12 of 14
Answers on the Grid
Answers color-coded by a green-red scale on the quiz's grid according to % correct below.
THIRIVANDRAM
KANNUR
SELAM
YANAM
KASARGOD
TANJAVOR
MALAPURAM
KAVARATHI
KOZHIKHODE
AMENI
VADAKARA
ERANAKULLAM
TIRUR
ALAPUZHA
CHAMMAD
KOTTAYAM
ADORE
MAVELIKARA
PATHANAMTHITTA
CHANGAMPUZHA
KOLLAM
IRITTY
KANNADIPARAMBA
IDUKKI
PARAPUR
PALAKAD
PATTAMBI
THRISHUR
PONNANI
WAYANAD
 
Answer Stats
Answer % Correct
KANNUR
96%
KASARGOD
94%
THIRIVANDRAM
94%
KOZHIKHODE
92%
MALAPURAM
92%
ERANAKULLAM
88%
ALAPUZHA
87%
KOTTAYAM
84%
PALAKAD
79%
KOLLAM
78%
THRISHUR
78%
IDUKKI
74%
PATHANAMTHITTA
74%
WAYANAD
74%
No matching quizzes found
Score Distribution
Percent of People with Each Score
Percentile by Number Answered
Your Score History
You have not taken this quiz